[Event "Speed Chess Q2"]
[Site "Chess.com INT"]
[Date "2022.11.12"]
[Round "11"]
[White "Filgueira, Hernan"]
[Black "Hansen, Eric"]
[Result "0-1"]
[WhiteElo "2283"]
[BlackElo "2609"]
[PlyCount "58"]
[GameId "1847043420733440"]
[EventDate "2022.11.12"]
[EventType "swiss (blitz)"]
[EventRounds "14"]
[EventCountry "USA"]
[SourceTitle "CBM 211 Extra"]
[Source "ChessBase"]
[SourceDate "2023.01.31"]
[SourceVersion "1"]
[SourceVersionDate "2023.01.31"]
[SourceQuality "1"]

1. e4 c5 2. Nf3 e6 3. Nc3 a6 4. g3 Nc6 5. Bg2 d6 6. O-O Bd7 7. d4 cxd4 8. Nxd4 Rc8 9. a4 Nf6 10. Nb3 Be7 11. a5 b5 12. axb6 Qxb6 13. Be3 Qb7 14. Qe2 Ra8 15. e5 dxe5 16. Bc5 a5 17. Bxe7 Kxe7 18. Nxa5 Qb6 19. Nxc6+ Bxc6 20. Qxe5 Bxg2 21. Kxg2 Rhd8 22. Kg1 h5 23. Rxa8 Rxa8 24. Rd1 Qxf2+ 25. Kxf2 Ng4+ 26. Kg2 Nxe5 27. Rd4 Rb8 28. Nd1 Rc8 29. c3 Nc4 0-1

[Event "Titled Tuesday intern op 29th Nov Late"]
[Site "Chess.com INT"]
[Date "2022.11.29"]
[Round "1"]
[White "Hansen, Eric"]
[Black "Santos Flores, Alberto Javier"]
[Result "1-0"]
[WhiteElo "2609"]
[BlackElo "2164"]
[PlyCount "89"]
[GameId "1854655258984448"]
[EventDate "2022.11.29"]
[EventType "swiss (blitz)"]
[EventRounds "11"]
[EventCountry "USA"]
[SourceTitle "EXT 2024"]
[Source "ChessBase"]
[SourceDate "2023.10.10"]
[SourceVersion "1"]
[SourceVersionDate "2023.10.10"]
[SourceQuality "1"]

1. d4 d5 2. c4 c6 3. Nf3 Nf6 4. e3 Bf5 5. Nc3 e6 6. Bd3 Bg6 7. O-O Nbd7 8. b3 Bd6 9. Bb2 Qe7 10. Qc2 Ba3 11. Bxa3 Qxa3 12. e4 dxe4 13. Nxe4 Nxe4 14. Bxe4 Bxe4 15. Qxe4 O-O 16. Rfe1 a5 17. Qc2 a4 18. Rab1 axb3 19. axb3 Rfd8 20. Re3 Qb4 21. Rd1 b5 22. g3 bxc4 23. bxc4 Ra4 24. Rc3 Rda8 25. Rb1 Ra1 26. Rcb3 Rxb1+ 27. Rxb1 Qa3 28. Kg2 h6 29. Qe4 Qa4 30. Rb7 Nf6 31. Qe2 Rd8 32. Rc7 Ne8 33. Re7 Kf8 34. Rb7 Nd6 35. Rc7 Qxc4 36. Rxf7+ Kg8 37. Qxc4 Nxc4 38. Rc7 Rd6 39. h4 Na5 40. h5 Nb3 41. Rc8+ Kf7 42. Ne5+ Kf6 43. Rf8+ Kg5 44. f4+ Kxh5 45. Kh3 1-0

[Event "Titled Tuesday intern op 20th Dec Late"]
[Site "Chess.com INT"]
[Date "2022.12.20"]
[Round "9"]
[White "Hansen, Eric"]
[Black "Matinian, Nikita"]
[Result "1-0"]
[WhiteElo "2609"]
[BlackElo "2425"]
[PlyCount "53"]
[GameId "1862275388178432"]
[EventDate "2022.12.20"]
[EventType "swiss (blitz)"]
[EventRounds "11"]
[EventCountry "USA"]
[SourceTitle "EXT 2024"]
[Source "ChessBase"]
[SourceDate "2023.10.10"]
[SourceVersion "1"]
[SourceVersionDate "2023.10.10"]
[SourceQuality "1"]

1. e4 c5 2. Nf3 d6 3. Bb5+ Nd7 4. c3 Ngf6 5. Qe2 g6 6. O-O Bg7 7. d4 a6 8. Bd3 e5 9. dxe5 dxe5 10. a4 O-O 11. Rd1 Nh5 12. Na3 Qf6 13. g3 Nb6 14. Bg5 Qc6 15. a5 h6 16. Be3 c4 17. Bc2 Nd7 18. Nxc4 Re8 19. Nd6 Re6 20. Ba4 Qxd6 21. Rxd6 Rxd6 22. Rd1 Rxd1+ 23. Qxd1 Ndf6 24. Qd8+ Kh7 25. Nxe5 Nxe4 26. Nxf7 Bf6 27. Qe8 1-0

[Event "Wch Blitz"]
[Site "Almaty"]
[Date "2022.12.30"]
[Round "20"]
[White "Shankland, Samuel L"]
[Black "Hansen, Eric"]
[Result "1-0"]
[WhiteElo "2612"]
[BlackElo "2568"]
[PlyCount "141"]
[GameId "1863952931926016"]
[EventDate "2022.12.29"]
[EventType "swiss (blitz)"]
[EventRounds "21"]
[EventCountry "KAZ"]
[SourceTitle "CBM 212"]
[Source "ChessBase"]
[SourceDate "2023.02.28"]
[SourceVersion "1"]
[SourceVersionDate "2023.02.28"]
[SourceQuality "1"]

1. c4 e5 2. g3 Nf6 3. Bg2 d5 4. cxd5 Nxd5 5. Nf3 Nc6 6. O-O Nb6 7. b3 g6 8. Nc3 Bg7 9. Ba3 a5 10. Rc1 Nb4 11. Bb2 O-O 12. a3 Nc6 13. d3 Nd4 14. Ne4 c6 15. Nc5 Qe7 16. e3 Nxf3+ 17. Qxf3 e4 18. Qe2 exd3 19. Nxd3 Bxb2 20. Qxb2 Rd8 21. Nc5 Nd7 22. Ne4 f5 23. Nd2 Ne5 24. Rc3 Be6 25. e4 f4 26. Nf3 Nxf3+ 27. Rxf3 fxg3 28. hxg3 Qg7 29. e5 Bf5 30. Re1 h5 31. Qc1 Re8 32. Rfe3 Qe7 33. e6 Rad8 34. Re5 Rd6 35. Bf1 Kg7 36. Rxa5 Rxe6 37. Rxe6 Qxe6 38. Ra7 Re7 39. Qc5 Qf6 40. Kh2 Be4 41. f4 Qb2+ 42. Kg1 Qf6 43. a4 h4 44. gxh4 Qxh4 45. Qg5 Qh1+ 46. Kf2 Qf3+ 47. Kg1 Qe3+ 48. Kh2 Rd7 49. Qe5+ Kh7 50. Bg2 Qf2 51. Qxe4 Qh4+ 52. Kg1 Rd1+ 53. Bf1 Qg3+ 54. Qg2 Qxb3 55. Qf2 Qb4 56. f5 Qg4+ 57. Qg2 Qd4+ 58. Kh1 gxf5 59. Rxb7+ Kh6 60. Qh2+ Kg5 61. Qg1+ Qxg1+ 62. Kxg1 Ra1 63. Ra7 Kf4 64. a5 Ke3 65. a6 c5 66. Rc7 Kd4 67. Kf2 Ra2+ 68. Be2 f4 69. Kf3 Kd5 70. Rf7 Ke6 71. Bc4+ {Kd5 Ke4+} 1-0

[Event "Titled Tuesday intern op 24th Jan Late"]
[Site "Chess.com INT"]
[Date "2023.01.24"]
[Round "2"]
[White "Hansen, Eric"]
[Black "Martynov, Pavel"]
[Result "1/2-1/2"]
[WhiteElo "2609"]
[BlackElo "2414"]
[PlyCount "68"]
[GameId "1874951558045696"]
[EventDate "2023.01.24"]
[EventType "swiss (blitz)"]
[EventRounds "11"]
[EventCountry "USA"]
[SourceTitle "EXT 2024"]
[Source "ChessBase"]
[SourceDate "2023.10.10"]
[SourceVersion "1"]
[SourceVersionDate "2023.10.10"]
[SourceQuality "1"]

1. e4 c5 2. Nf3 e6 3. d4 cxd4 4. Nxd4 Nc6 5. Nc3 Qc7 6. Be3 a6 7. Qd2 Nf6 8. O-O-O Bb4 9. f3 Ne5 10. Kb1 Bxc3 11. Qxc3 Qxc3 12. bxc3 d5 13. exd5 Nxd5 14. Bd2 b5 15. Re1 Nc4 16. Bxc4 bxc4 17. Re4 Bd7 18. f4 O-O 19. Nf3 Rfc8 20. Ne5 Bb5 21. Rhe1 a5 22. Kb2 Rab8 23. Ka3 Ba6 24. Rd4 Nc7 25. Rd7 f6 26. Nf3 Nb5+ 27. Ka4 Nxc3+ 28. Kxa5 Bb5 29. Ra7 Be8 30. Bxc3 Rc5+ 31. Ka6 Rc6+ 32. Ka5 Rc5+ 33. Ka6 Rc6+ 34. Ka5 Rc5+ 1/2-1/2

[Event "Titled Tuesday intern op 24th Jan Late"]
[Site "Chess.com INT"]
[Date "2023.01.24"]
[Round "5"]
[White "Hjartarson, Johann"]
[Black "Hansen, Eric"]
[Result "1-0"]
[WhiteElo "2476"]
[BlackElo "2609"]
[PlyCount "79"]
[GameId "1874951560208384"]
[EventDate "2023.01.24"]
[EventType "swiss (blitz)"]
[EventRounds "11"]
[EventCountry "USA"]
[SourceTitle "EXT 2024"]
[Source "ChessBase"]
[SourceDate "2023.10.10"]
[SourceVersion "1"]
[SourceVersionDate "2023.10.10"]
[SourceQuality "1"]

1. e4 c5 2. Nf3 e6 3. d4 cxd4 4. Nxd4 a6 5. Bd3 Qb6 6. Nb3 Qc7 7. O-O d6 8. a4 b6 9. Na3 Nd7 10. Be3 Ngf6 11. Qe2 Bb7 12. f3 d5 13. exd5 Nxd5 14. Bd2 Nf4 15. Bxf4 Qxf4 16. Nc4 Be7 17. c3 O-O 18. Nd4 Bc5 19. Kh1 Rfd8 20. Rad1 Nf6 21. Nb3 Bd5 22. Nxc5 bxc5 23. Nb6 Rab8 24. a5 h5 25. Bxa6 h4 26. Bc4 h3 27. g3 Qc7 28. Kg1 Rd6 29. Rfe1 Rbd8 30. Qf1 Qa7 31. Bxd5 exd5 32. b4 cxb4 33. cxb4 d4 34. Qxh3 d3 35. Kh1 d2 36. Re2 Qc7 37. Qf1 Qc3 38. Qf2 Qxb4 39. Kg1 Rd3 40. a6 1-0

[Event "Titled Tuesday intern op 24th Jan Late"]
[Site "Chess.com INT"]
[Date "2023.01.24"]
[Round "6"]
[White "Hansen, Eric"]
[Black "Musovic, Armin"]
[Result "1-0"]
[WhiteElo "2609"]
[BlackElo "2245"]
[PlyCount "76"]
[GameId "1874951560601600"]
[EventDate "2023.01.24"]
[EventType "swiss (blitz)"]
[EventRounds "11"]
[EventCountry "USA"]
[SourceTitle "EXT 2024"]
[Source "ChessBase"]
[SourceDate "2023.10.10"]
[SourceVersion "1"]
[SourceVersionDate "2023.10.10"]
[SourceQuality "1"]

1. Nf3 Nf6 2. g3 g6 3. Bg2 Bg7 4. O-O O-O 5. d3 Nc6 6. e4 d5 7. exd5 Qxd5 8. Re1 Qh5 9. Nbd2 Bg4 10. c3 e5 11. Qb3 Rab8 12. h4 h6 13. Nh2 Be6 14. Qa4 Qf5 15. Ne4 Rfd8 16. Be3 Nd5 17. g4 Nxe3 18. fxe3 Qxg4 19. Nxg4 Bxg4 20. d4 a6 21. Rf1 Rf8 22. Nc5 Ne7 23. Rae1 b5 24. Qc2 Nf5 25. h5 Nh4 26. hxg6 fxg6 27. Bd5+ Kh7 28. Ne6 Rxf1+ 29. Rxf1 Nf5 30. Nxg7 Kxg7 31. Qe4 h5 32. Qxe5+ Kh6 33. e4 Nh4 34. Rf7 Nf3+ 35. Rxf3 Bxf3 36. Qf4+ g5 37. Qf6+ Kh7 38. Qxf3 Rf8 1-0

[Event "Titled Tuesday intern op 24th Jan Late"]
[Site "Chess.com INT"]
[Date "2023.01.24"]
[Round "7"]
[White "Rosen, Eric S"]
[Black "Hansen, Eric"]
[Result "0-1"]
[WhiteElo "2356"]
[BlackElo "2609"]
[PlyCount "88"]
[GameId "1874951561424896"]
[EventDate "2023.01.24"]
[EventType "swiss (blitz)"]
[EventRounds "11"]
[EventCountry "USA"]
[SourceTitle "EXT 2024"]
[Source "ChessBase"]
[SourceDate "2023.10.10"]
[SourceVersion "1"]
[SourceVersionDate "2023.10.10"]
[SourceQuality "1"]

1. c4 e5 2. Nc3 Bb4 3. Qb3 Nc6 4. Nf3 d6 5. e3 Bxc3 6. Qxc3 Nf6 7. d4 e4 8. Nd2 O-O 9. Be2 Re8 10. b4 d5 11. b5 Ne7 12. a4 Bg4 13. f3 exf3 14. gxf3 Bh5 15. O-O Nf5 16. Nb3 dxc4 17. Bxc4 Nh4 18. e4 Bxf3 19. Rxf3 Nxe4 20. Bxf7+ Kh8 21. Bxe8 Qxe8 22. Qe3 Qe6 23. Nc5 Qg4+ 24. Kf1 Qg2+ 25. Ke1 Nxf3+ 26. Kd1 Nf2+ 27. Kc2 Ng4+ 28. Qd2 Nxd2 29. Bxd2 b6 30. Nb3 Re8 31. h3 Nf2 32. Rc1 Qg6+ 33. Kc3 Re2 34. Re1 Qd3+ 35. Kb4 Rxe1 36. Bxe1 Ne4 37. a5 Nd6 38. axb6 axb6 39. h4 h5 40. d5 Kh7 41. Ka3 Nxb5+ 42. Kb4 Nd6 43. Ka3 Qxd5 44. Bg3 c5 0-1

[Event "Titled Tuesday intern op 24th Jan Late"]
[Site "Chess.com INT"]
[Date "2023.01.24"]
[Round "8"]
[White "Hansen, Eric"]
[Black "Costachi, Mihnea"]
[Result "1-0"]
[WhiteElo "2609"]
[BlackElo "2476"]
[PlyCount "123"]
[GameId "1874951562121216"]
[EventDate "2023.01.24"]
[EventType "swiss (blitz)"]
[EventRounds "11"]
[EventCountry "USA"]
[SourceTitle "EXT 2024"]
[Source "ChessBase"]
[SourceDate "2023.10.10"]
[SourceVersion "1"]
[SourceVersionDate "2023.10.10"]
[SourceQuality "1"]

1. e4 e5 2. Nf3 Nc6 3. Bb5 a6 4. Ba4 d6 5. O-O Bd7 6. c3 g6 7. d4 Bg7 8. h3 Nf6 9. Re1 O-O 10. Bb3 h6 11. Nbd2 Re8 12. a3 Qe7 13. d5 Nd8 14. Bc2 Nh7 15. c4 Rf8 16. b4 f5 17. c5 f4 18. Ba4 Bxa4 19. Qxa4 g5 20. Nc4 h5 21. cxd6 cxd6 22. Nb6 Rb8 23. Qd7 Qf6 24. Bb2 Rf7 25. Qe8+ Nf8 26. h4 gxh4 27. Rac1 Nc6 28. Nc8 Nd8 29. Rc3 Kh7 30. Rec1 Ng6 31. Rc7 h3 32. Rxf7 Nxf7 33. Qxf7 Qxf7 34. Ng5+ Kg8 35. Nxf7 Kxf7 36. Nxd6+ Kg8 37. gxh3 f3 38. Nf5 Nf4 39. Rc7 Bf6 40. Bc1 Ne2+ 41. Kh2 Kh8 42. Ng3 Rg8 43. Be3 h4 44. Nxe2 fxe2 45. Rc1 Bg5 46. Bxg5 Rxg5 47. Re1 Rg6 48. Rxe2 Rf6 49. Kg2 Kg7 50. Re3 Kg6 51. Rf3 Rb6 52. Rf5 a5 53. bxa5 Rb5 54. Rxe5 Rxa5 55. Re6+ Kf7 56. Rb6 Rxa3 57. Rxb7+ Kf6 58. Rh7 Ke5 59. Re7+ Kf4 60. d6 Rd3 61. d7 Rxd7 62. Rxd7 1-0

[Event "Titled Tuesday intern op 24th Jan Late"]
[Site "Chess.com INT"]
[Date "2023.01.24"]
[Round "10"]
[White "Indjic, Aleksandar"]
[Black "Hansen, Eric"]
[Result "1-0"]
[WhiteElo "2641"]
[BlackElo "2609"]
[PlyCount "69"]
[GameId "1874951562768384"]
[EventDate "2023.01.24"]
[EventType "swiss (blitz)"]
[EventRounds "11"]
[EventCountry "USA"]
[SourceTitle "EXT 2024"]
[Source "ChessBase"]
[SourceDate "2023.10.10"]
[SourceVersion "1"]
[SourceVersionDate "2023.10.10"]
[SourceQuality "1"]

1. d4 Nf6 2. c4 e6 3. Nc3 Bb4 4. Qc2 O-O 5. Nf3 d6 6. Bg5 h6 7. Bh4 Nbd7 8. e3 b6 9. Bd3 Bb7 10. O-O Bxc3 11. bxc3 e5 12. Nd2 Qe8 13. f3 d5 14. Rae1 c5 15. cxd5 Nxd5 16. e4 Nf4 17. d5 Nxd3 18. Qxd3 f5 19. exf5 Qf7 20. c4 Qxf5 21. Ne4 Kh7 22. Bg3 Qg6 23. Qc3 Rf5 24. a4 Ba6 25. Rf2 Raf8 26. Rb2 Nf6 27. a5 Nxe4 28. Rxe4 Rg5 29. axb6 axb6 30. Bxe5 Rf7 31. h4 Rgf5 32. Rg4 Qh5 33. Bxg7 Rf4 34. Rxb6 Bxc4 35. Rxh6+ 1-0

[Event "Titled Tuesday intern op 28th Feb Late"]
[Site "Chess.com INT"]
[Date "2023.02.28"]
[Round "7"]
[White "Matinian, Nikita"]
[Black "Hansen, Eric"]
[Result "0-1"]
[WhiteElo "2407"]
[BlackElo "2609"]
[PlyCount "56"]
[GameId "1887647063359488"]
[EventDate "2023.02.28"]
[EventType "swiss (blitz)"]
[EventRounds "11"]
[EventCountry "USA"]
[SourceTitle "CBM 213 Extra"]
[Source "ChessBase"]
[SourceDate "2023.05.31"]
[SourceVersion "1"]
[SourceVersionDate "2023.05.31"]
[SourceQuality "1"]

1. e4 c5 2. Nf3 e6 3. d4 cxd4 4. Nxd4 a6 5. Nc3 Qc7 6. Be2 Nf6 7. O-O Bb4 8. Qd3 Nc6 9. Bg5 h5 10. Nxc6 bxc6 11. f4 d5 12. Bf3 a5 13. exd5 Ba6 14. Qe3 cxd5 15. Bxf6 gxf6 16. Nxd5 Qc5 17. Rfe1 Qxe3+ 18. Rxe3 Bc5 19. Rae1 Rc8 20. Nxf6+ Ke7 21. Nd5+ Kf8 22. Nc3 Rb8 23. Na4 Bxe3+ 24. Rxe3 Rb4 25. Nc5 Bc8 26. Nd3 Rc4 27. c3 a4 28. Ne5 Rxf4 0-1

[Event "Armageddon Americas Win"]
[Site "Berlin"]
[Date "2023.03.06"]
[Round "1"]
[White "Hansen, Eric"]
[Black "Terry, Renato"]
[Result "0-1"]
[WhiteElo "2609"]
[BlackElo "2520"]
[PlyCount "86"]
[GameId "1890202792321024"]
[EventDate "2023.03.06"]
[EventType "k.o. (blitz)"]
[EventRounds "4"]
[EventCountry "GER"]
[SourceTitle "CBM 213 Extra"]
[Source "ChessBase"]
[SourceDate "2023.05.31"]
[SourceVersion "1"]
[SourceVersionDate "2023.05.31"]
[SourceQuality "1"]

1. e4 c6 2. d4 d5 3. e5 c5 4. dxc5 e6 5. a3 Bxc5 6. Nf3 Nc6 7. b4 Be7 8. Bb2 f6 9. Bb5 Bd7 10. Qe2 f5 11. c4 a6 12. Bxc6 bxc6 13. O-O Nh6 14. Nbd2 O-O 15. Nb3 f4 16. Bd4 Be8 17. Na5 Qd7 18. Bc5 Bxc5 19. bxc5 Bh5 20. Qd3 Rf5 21. Nd4 Rxe5 22. Ndxc6 Rg5 23. f3 Rc8 24. cxd5 Rxd5 25. Qxa6 Nf5 26. Rac1 Be8 27. Nb4 Rdxc5 28. Rxc5 Rxc5 29. Nb3 Rc3 30. Nc1 Ne3 31. Re1 h6 32. Qe2 Rxa3 33. Ncd3 Qd4 34. Qf2 Rxd3 35. Nxd3 Qxd3 36. h4 Bg6 37. Rc1 Kh7 38. Kh2 Qd4 39. Kg1 Qf6 40. Re1 Bf5 41. Rc1 Qg6 42. Rc7 Qf6 43. Ra7 Qd4 0-1

[Event "Armageddon Americas Win"]
[Site "Berlin"]
[Date "2023.03.06"]
[Round "1"]
[White "Hansen, Eric"]
[Black "Terry, Renato"]
[Result "0-1"]
[WhiteElo "2609"]
[BlackElo "2520"]
[PlyCount "168"]
[GameId "1890202792316928"]
[EventDate "2023.03.06"]
[EventType "k.o. (blitz)"]
[EventRounds "4"]
[EventCountry "GER"]
[SourceTitle "CBM 213 Extra"]
[Source "ChessBase"]
[SourceDate "2023.05.31"]
[SourceVersion "1"]
[SourceVersionDate "2023.05.31"]
[SourceQuality "1"]

1. e4 c6 2. Nf3 d5 3. d3 g6 4. h4 h6 5. exd5 cxd5 6. d4 Bg7 7. c3 Qc7 8. g3 Bg4 9. Be2 Nc6 10. Bf4 Qc8 11. Nbd2 Nf6 12. Ne5 Bxe2 13. Qxe2 Nh5 14. Nxc6 bxc6 15. Be3 a5 16. Nf3 a4 17. O-O Rb8 18. Ne5 O-O 19. Nd3 Re8 20. Rfe1 Qh3 21. Qf3 Nf6 22. Bf4 Rb7 23. a3 Ne4 24. Re2 Qf5 25. Kg2 f6 26. Nb4 e5 27. Be3 Qxf3+ 28. Kxf3 Rc8 29. Rd1 exd4 30. cxd4 Bf8 31. Nd3 Rb3 32. Rc2 Bd6 33. Kg2 g5 34. hxg5 hxg5 35. Nc1 Rb7 36. g4 Kg7 37. f3 Rh8 38. Rh1 Rxh1 39. Kxh1 Ng3+ 40. Kg2 f5 41. Bf2 f4 42. Bxg3 fxg3 43. Ne2 Kf7 44. Nxg3 Ke6 45. Nf5 Kd7 46. Nxd6 Kxd6 47. Kf2 Rb3 48. Ke2 Kc7 49. Kf2 Rd3 50. Re2 Rxd4 51. Re5 Rd2+ 52. Kg3 Rxb2 53. Rxg5 d4 54. Kf4 Re2 55. Rg7+ Kd6 56. Rg8 Kd7 57. Rg7+ Kd6 58. Rg8 Kd5 59. Rd8+ Kc4 60. g5 Rg2 61. Kf5 d3 62. f4 Kc3 63. Kf6 d2 64. g6 Kc2 65. g7 d1=Q 66. Rxd1 Kxd1 67. Kf7 c5 68. g8=Q Rxg8 69. Kxg8 c4 70. f5 c3 71. f6 c2 72. f7 c1=Q 73. f8=Q Qg5+ 74. Kh8 Qh5+ 75. Kg8 Qg4+ 76. Kh8 Kc2 77. Qd6 Qh4+ 78. Kg7 Qg5+ 79. Kf7 Qf5+ 80. Ke7 Qe4+ 81. Kf6 Kb3 82. Qc5 Qf4+ 83. Ke7 Qh4+ 84. Kd7 Qh3+ 0-1

[Event "Armageddon Americas Win"]
[Site "Berlin"]
[Date "2023.03.06"]
[Round "1"]
[White "Terry, Renato"]
[Black "Hansen, Eric"]
[Result "0-1"]
[WhiteElo "2520"]
[BlackElo "2609"]
[PlyCount "92"]
[GameId "1890202792312832"]
[EventDate "2023.03.06"]
[EventType "k.o. (blitz)"]
[EventRounds "4"]
[EventCountry "GER"]
[SourceTitle "CBM 213 Extra"]
[Source "ChessBase"]
[SourceDate "2023.05.31"]
[SourceVersion "1"]
[SourceVersionDate "2023.05.31"]
[SourceQuality "1"]

1. Nf3 Nf6 2. e3 d5 3. b3 Bg4 4. Bb2 Nbd7 5. h3 Bxf3 6. Qxf3 e6 7. g4 Bd6 8. d3 Be5 9. c3 c6 10. Nd2 a5 11. a3 h5 12. g5 Ng8 13. d4 Bc7 14. g6 fxg6 15. Bd3 Nf8 16. e4 Qf6 17. Qe2 g5 18. e5 Qf7 19. Rg1 Bd8 20. Nf3 g4 21. hxg4 hxg4 22. Rxg4 Rh1+ 23. Rg1 Rxg1+ 24. Nxg1 Nh6 25. Nf3 Ng6 26. Bc1 Nf4 27. Bxf4 Qxf4 28. Qe3 Qf8 29. Bg6+ Kd7 30. Ke2 Be7 31. a4 Kc7 32. Rg1 Rc8 33. Bd3 Kb8 34. Ng5 Bxg5 35. Qxg5 Rc7 36. Qg6 Qe7 37. Rg3 c5 38. Bb5 Nf5 39. Rd3 cxd4 40. cxd4 Qb4 41. Qe8+ Ka7 42. Qd8 Rc2+ 43. Kf3 Qe1 44. Kg4 Rxf2 45. Kh5 Rg2 46. Rh3 g6# 0-1

[Event "Titled Tuesday intern op 04th Apr Late"]
[Site "Chess.com INT"]
[Date "2023.04.04"]
[Round "10"]
[White "Hansen, Eric"]
[Black "Przybylski, Wojciech"]
[Result "1-0"]
[WhiteElo "2609"]
[BlackElo "2321"]
[PlyCount "79"]
[GameId "1900292506882048"]
[EventDate "2023.04.04"]
[EventType "swiss (blitz)"]
[EventRounds "11"]
[EventCountry "USA"]
[SourceTitle "EXT 2024"]
[Source "ChessBase"]
[SourceDate "2023.10.10"]
[SourceVersion "1"]
[SourceVersionDate "2023.10.10"]
[SourceQuality "1"]

1. d4 Nf6 2. c4 e6 3. Nc3 Bb4 4. e3 O-O 5. Nge2 d5 6. a3 Bd6 7. Ng3 c6 8. e4 dxe4 9. Ngxe4 Be7 10. Be2 Nbd7 11. O-O c5 12. Be3 cxd4 13. Qxd4 Nxe4 14. Qxe4 Nf6 15. Qc2 Bd7 16. Rfd1 Qc8 17. b4 b6 18. b5 Qc7 19. a4 Bc5 20. Bxc5 Qxc5 21. a5 e5 22. Qb2 Be6 23. axb6 axb6 24. Na4 Qc7 25. Qb4 Rac8 26. Rac1 Ne4 27. Bf3 Nc5 28. Bc6 Nxa4 29. Qxa4 f5 30. c5 bxc5 31. Rxc5 Qb6 32. Rxe5 Bf7 33. h4 Rcd8 34. Rxd8 Rxd8 35. Rxf5 Be6 36. Re5 Bf7 37. Qf4 h6 38. Re7 Rf8 39. Rxf7 Rxf7 40. Bd5 1-0

[Event "Titled Tuesday intern op 25th Apr Late"]
[Site "Chess.com INT"]
[Date "2023.04.25"]
[Round "5"]
[White "Simonian, Hrair"]
[Black "Hansen, Eric"]
[Result "0-1"]
[WhiteElo "2431"]
[BlackElo "2609"]
[PlyCount "94"]
[GameId "1907910684434432"]
[EventDate "2023.04.25"]
[EventType "swiss (blitz)"]
[EventRounds "11"]
[EventCountry "USA"]
[SourceTitle "EXT 2024"]
[Source "ChessBase"]
[SourceDate "2023.10.10"]
[SourceVersion "1"]
[SourceVersionDate "2023.10.10"]
[SourceQuality "1"]

1. e4 c5 2. Nf3 e6 3. Nc3 a6 4. g3 Nc6 5. Bg2 d6 6. O-O Nf6 7. d4 cxd4 8. Nxd4 Bd7 9. Re1 Rc8 10. Nb3 Be7 11. Bf4 Ne5 12. Bxe5 dxe5 13. Qd2 O-O 14. Rad1 Qc7 15. f3 b5 16. Rc1 Rfd8 17. Qe2 a5 18. Nd1 a4 19. Nd2 b4 20. c3 Qb6+ 21. Kh1 Bb5 22. c4 Bc6 23. b3 h5 24. h4 Bc5 25. Nb2 Bf2 26. c5 Bxc5 27. Ndc4 Qa7 28. Nxe5 Be8 29. Kh2 axb3 30. axb3 Bd4 31. Nbc4 Bb5 32. Nd3 Bc3 33. Red1 Bxc4 34. bxc4 Rd4 35. c5 Rcd8 36. e5 Nd5 37. c6 Qa6 38. f4 Ne7 39. Be4 Qc4 40. Re1 Nxc6 41. Nxb4 Qxb4 42. Bxc6 Rd2 43. Bg2 Rxe2 44. Rxe2 g6 45. Rec2 Rd3 46. Be4 Qxe4 47. Rxc3 Rd2+ 0-1

[Event "Titled Tuesday intern op 13th Jun Late"]
[Site "Chess.com INT"]
[Date "2023.06.13"]
[Round "2"]
[White "Hansen, Eric"]
[Black "Novik, Maxim"]
[Result "1-0"]
[WhiteElo "2609"]
[BlackElo "2436"]
[PlyCount "75"]
[GameId "1925674239250432"]
[EventDate "2023.06.13"]
[EventType "swiss (blitz)"]
[EventRounds "11"]
[EventCountry "USA"]
[SourceTitle "EXT 2024"]
[Source "ChessBase"]
[SourceDate "2023.10.10"]
[SourceVersion "1"]
[SourceVersionDate "2023.10.10"]
[SourceQuality "1"]

1. d4 Nf6 2. c4 e6 3. Nc3 Bb4 4. e3 O-O 5. Nge2 b6 6. a3 Be7 7. e4 c5 8. d5 d6 9. f3 exd5 10. cxd5 a6 11. a4 Nfd7 12. Ng3 g6 13. Be2 Bf6 14. O-O Bg7 15. f4 Re8 16. Kh1 h5 17. e5 dxe5 18. f5 e4 19. fxg6 fxg6 20. Ngxe4 Ne5 21. Bg5 Qd7 22. a5 Qb7 23. Nd6 Qd7 24. Nxe8 Qxe8 25. axb6 Bf5 26. d6 Nbd7 27. Nd5 Kh7 28. Nc7 Qc8 29. Rxf5 gxf5 30. Bxa6 Rxa6 31. Qxh5+ Kg8 32. Rxa6 Nf8 33. h3 Qb7 34. Qe2 Nfg6 35. Ne6 c4 36. Ra7 Qxb6 37. Rxg7+ Kh8 38. Qh5# 1-0

[Event "Titled Tuesday intern op 27th Jun Late"]
[Site "Chess.com INT"]
[Date "2023.06.27"]
[Round "5"]
[White "Hansen, Eric"]
[Black "Camacho Collados, Marcos"]
[Result "1-0"]
[WhiteElo "2609"]
[BlackElo "2469"]
[PlyCount "53"]
[GameId "1930719674462208"]
[EventDate "2023.06.27"]
[EventType "swiss (blitz)"]
[EventRounds "11"]
[EventCountry "USA"]
[SourceTitle "EXT 2024"]
[Source "ChessBase"]
[SourceDate "2023.10.10"]
[SourceVersion "1"]
[SourceVersionDate "2023.10.10"]
[SourceQuality "1"]

1. d4 Nf6 2. c4 e6 3. Nc3 Bb4 4. e3 O-O 5. Nge2 d6 6. a3 Bxc3+ 7. Nxc3 Nbd7 8. e4 e5 9. Be3 a5 10. f3 Re8 11. Be2 Nh5 12. O-O b6 13. Rf2 Bb7 14. Bf1 Nf4 15. b4 exd4 16. Bxd4 Qg5 17. Kh1 Re6 18. g3 Rg6 19. Nd5 Nh5 20. f4 Nxg3+ 21. hxg3 Qxg3 22. Rg2 Qh4+ 23. Rh2 Qg3 24. Rh3 Rh6 25. Rxh6 gxh6 26. Qd3 Qg6 27. Ne7+ 1-0

[Event "Bullet Chess Winners"]
[Site "Chess.com INT"]
[Date "2023.07.17"]
[Round "1.1"]
[White "Carlsen, Magnus"]
[Black "Hansen, Eric"]
[Result "1-0"]
[WhiteElo "2835"]
[BlackElo "2609"]
[PlyCount "103"]
[GameId "1938373576339456"]
[EventDate "2023.07.17"]
[EventType "k.o. (blitz)"]
[EventRounds "5"]
[EventCountry "USA"]
[SourceTitle "CBM 215 Extra"]
[Source "ChessBase"]
[SourceDate "2023.09.30"]
[SourceVersion "1"]
[SourceVersionDate "2023.09.30"]
[SourceQuality "1"]

1. e4 d6 2. Nc3 Nf6 3. d4 e5 4. Nf3 Nbd7 5. Bc4 Be7 6. O-O O-O 7. a4 c6 8. Re1 b6 9. d5 Bb7 10. dxc6 Bxc6 11. Nd5 Nxd5 12. Bxd5 Bxd5 13. Qxd5 Qc7 14. c4 Rac8 15. b3 Nc5 16. Rb1 h6 17. Be3 Ne6 18. a5 Rb8 19. axb6 axb6 20. Red1 Rfc8 21. g3 Bf8 22. Kg2 Qe7 23. h4 Qe8 24. Ra1 b5 25. Ra7 bxc4 26. bxc4 Rb4 27. Nd2 Nc5 28. Rda1 Rb2 29. Bxc5 Rxc5 30. Qd3 Qe6 31. Ra8 Rc8 32. Rxc8 Qxc8 33. Qd5 Rb7 34. h5 Rc7 35. Ra8 Qb7 36. Qxb7 Rxb7 37. Kf3 g6 38. Nf1 Kg7 39. Ne3 Rb3 40. Kg2 Be7 41. hxg6 fxg6 42. Ra7 Kf8 43. Nd5 Bg5 44. Rd7 Rb2 45. Rxd6 Kf7 46. c5 Rc2 47. c6 h5 48. c7 h4 49. gxh4 Bxh4 50. Kh3 Bg5 51. Kg4 Bh4 52. Kxh4 1-0